[Event "21st World Senior Chess Championship"]
[Site "Rijeka"]
[Date "2011.11.18"]
[Round "4.25"]
[White "Straub, Peter"]
[Black "Rooze, Jan"]
[Result "1/2-1/2"]
[WhiteElo "2168"]
[BlackElo "2321"]
[PlyCount "90"]
[EventDate "2011.11.18"]

1. d4 Nf6 2. Nf3 c5 3. e3 e6 4. Bd3 b6 5. O-O Bb7 6. c4 Be7 7. Nc3 a6 8. b3
cxd4 9. exd4 d5 10. Bb2 Nbd7 11. Qe2 O-O 12. Rac1 Ra7 13. Ne5 dxc4 14. Bxc4 b5
15. Bd3 Nb6 16. Rfd1 Nbd5 17. Nxd5 Qxd5 18. f3 Qd6 19. Bb1 Raa8 20. Nd3 Bd5 21.
Rc2 a5 22. Rdc1 a4 23. Nc5 axb3 24. axb3 Rfb8 25. Qe3 h6 26. Qd3 Qf4 27. Rf2
Rc8 28. g3 Qb8 29. Nd7 Rxc1+ 30. Bxc1 Qa7 31. Ne5 Rc8 32. Be3 Qa5 33. Bd2 Bb4
34. Nd7 Bxd2 35. Nxf6+ gxf6 36. Qh7+ Kf8 37. Qh8+ Ke7 38. Qxc8 Be3 39. Qc5+ Kd7
40. b4 Qa1 41. Qxb5+ Ke7 42. Qc5+ Ke8 43. Qc8+ Ke7 44. Qc5+ Kd7 45. Qb5+ Kc7
1/2-1/2

[Event "21st World Senior Chess Championship"]
[Site "Rijeka"]
[Date "2011.11.18"]
[Round "4.27"]
[White "Baeta, Marcio Netto"]
[Black "Vikulov, Alexander"]
[Result "1/2-1/2"]
[WhiteElo "2162"]
[BlackElo "2321"]
[PlyCount "39"]
[EventDate "2011.11.18"]

1. e4 d6 2. d3 c5 3. Be2 Nc6 4. f4 Nd4 5. Nf3 Nxe2 6. Qxe2 g6 7. c3 Qa5 8. Na3
Bg7 9. Nc4 Qc7 10. a4 b6 11. O-O Ba6 12. Ne3 e6 13. f5 h6 14. fxe6 fxe6 15. Nh4
Ne7 16. Nxg6 Nxg6 17. Qh5 O-O-O 18. Qxg6 Rhe8 19. Rf7 Re7 20. Rxg7 1/2-1/2

[Event "21st World Senior Chess Championship"]
[Site "Rijeka"]
[Date "2011.11.18"]
[Round "4.29"]
[White "Zoltek, Tadeusz"]
[Black "Leskovar, Mario"]
[Result "0-1"]
[WhiteElo "2161"]
[BlackElo "2316"]
[PlyCount "98"]
[EventDate "2011.11.18"]

1. c4 Nf6 2. Nc3 e5 3. Nf3 Nc6 4. g3 Bb4 5. Bg2 O-O 6. O-O Re8 7. d3 Bxc3 8.
bxc3 h6 9. a4 d6 10. a5 e4 11. Nd4 Bd7 12. Nxc6 Bxc6 13. d4 Bd7 14. h3 Rb8 15.
Kh2 Be6 16. Qa4 b6 17. axb6 axb6 18. Be3 Ra8 19. Qb3 Qe7 20. Ra2 Reb8 21. Rfa1
Qd8 22. Qb5 Rxa2 23. Rxa2 c6 24. Qxc6 Rc8 25. Qb7 Bxc4 26. Ra7 Rb8 27. Qc6 Rc8
28. Qb7 Bd5 29. Qa6 Rxc3 30. Qa1 Rc7 31. Ra6 Rc8 32. Qb2 Rb8 33. Qb4 g5 34. Bc1
Qc7 35. Ba3 Ne8 36. Bb2 Qc4 37. Qxc4 Bxc4 38. Ra7 d5 39. f3 f5 40. fxe4 fxe4
41. e3 b5 42. Kg1 Nf6 43. Kf2 b4 44. g4 Bd3 45. Rc7 Rb6 46. Ke1 Ne8 47. Rc5 Nd6
48. Rxd5 Nc4 49. Bc1 b3 0-1

[Event "21st World Senior Chess Championship"]
[Site "Rijeka"]
[Date "2011.11.18"]
[Round "4.30"]
[White "Weisenburger, Horst"]
[Black "Kelleher, William"]
[Result "0-1"]
[WhiteElo "2151"]
[BlackElo "2300"]
[PlyCount "81"]
[EventDate "2011.11.18"]

1. f4 c5 2. Nf3 Nf6 3. g3 Nc6 4. Bg2 g6 5. d3 d5 6. O-O Bg7 7. Qe1 d4 8. a4 O-O
9. Na3 Be6 10. Bd2 Qd7 11. Nc4 Bh3 12. Nfe5 Nxe5 13. Nxe5 Qc8 14. Bxh3 Qxh3 15.
e4 dxe3 16. Bxe3 Rac8 17. Qf2 Nd7 18. Nc4 b6 19. Rae1 Nf6 20. Ne5 Nd5 21. Bd2
a6 22. Qf3 Rfd8 23. c4 Nf6 24. Nc6 Ng4 25. Nxe7+ Kf8 26. Re2 Bd4+ 27. Kh1 Ra8
28. Nc6 Re8 29. Rfe1 Bxb2 30. f5 Rxe2 31. Qxe2 Kg7 32. Bg5 Bc3 33. Rf1 Nxh2 34.
f6+ Kh8 35. Qxh2 Qxf1+ 36. Qg1 Qxg1+ 37. Kxg1 h6 38. Bxh6 Bxf6 39. Bf4 Rc8 40.
Ne5 Bxe5 41. Bxe5+ 0-1

[Event "21st World Senior Chess Championship"]
[Site "Rijeka"]
[Date "2011.11.18"]
[Round "4.31"]
[White "Trois, Francisco R T"]
[Black "Hoeschele, Hans-Ulrich"]
[Result "1/2-1/2"]
[WhiteElo "2275"]
[BlackElo "2137"]
[PlyCount "96"]
[EventDate "2011.11.18"]

1. c4 Nf6 2. Nf3 c6 3. d4 d5 4. e3 g6 5. Nc3 Bg7 6. Qb3 O-O 7. Be2 a6 8. O-O
dxc4 9. Bxc4 e6 10. e4 b5 11. Be2 Bb7 12. Rd1 Nbd7 13. e5 Nd5 14. Ne4 Qc7 15.
Be3 c5 16. Nxc5 Nxc5 17. dxc5 Nxe3 18. Qxe3 Rac8 19. Rac1 Bxf3 20. Bxf3 Bxe5
21. g3 Bxb2 22. Rc2 Bf6 23. c6 Rfd8 24. Rcd2 Rxd2 25. Rxd2 Rd8 26. Rxd8+ Bxd8
27. Kg2 Qd6 28. h4 h5 29. Qa7 a5 30. Qb7 b4 31. Qb5 Bc7 32. Qb7 Kg7 33. Qb5 Qe5
34. Qb7 Bd6 35. Qd7 Bc7 36. Qd2 Qc5 37. Qb2+ Qe5 38. Qc2 Qd4 39. Bd1 Kf8 40.
Be2 Ke7 41. Bd1 Kd8 42. Qe2 Qd5+ 43. Qf3 Qxf3+ 44. Kxf3 Ke7 45. Ke4 Kd6 46. Ba4
Bd8 47. Kd3 Bb6 48. Ke2 Ke5 1/2-1/2

[Event "21st World Senior Chess Championship"]
[Site "Rijeka"]
[Date "2011.11.18"]
[Round "4.32"]
[White "Nordby, Bernt"]
[Black "Turikov, Viktor"]
[Result "1/2-1/2"]
[WhiteElo "2144"]
[BlackElo "2270"]
[PlyCount "105"]
[EventDate "2011.11.18"]

1. d4 b6 2. Nf3 Bb7 3. e3 g6 4. Bd3 Bg7 5. c4 c5 6. Nc3 Nf6 7. d5 d6 8. O-O O-O
9. e4 Nbd7 10. h3 Ne5 11. Nxe5 dxe5 12. f4 exf4 13. Bxf4 Nd7 14. Qd2 Ne5 15.
Rad1 Qd7 16. Bh6 a6 17. Bxg7 Kxg7 18. b3 Qd6 19. Bc2 Bc8 20. a4 Bd7 21. Qe2 f6
22. Rc1 h5 23. Qf2 Rh8 24. Bb1 g5 25. Nd1 h4 26. Ne3 a5 27. Nf5+ Bxf5 28. Qxf5
Rad8 29. Rcd1 Rh6 30. Bd3 Qd7 31. Be2 Qxf5 32. exf5 Kf7 33. Kh2 Ke8 34. Rde1
Kd7 35. Bg4 Kc7 36. Re4 Rhh8 37. Rfe1 Rd6 38. R4e3 Ra8 39. Bd1 Ra7 40. Re4 Rd8
41. Kg1 Kd6 42. R1e3 Rg8 43. Kf2 Rg7 44. Rc3 Kd7 45. Rce3 Kd8 46. Rc3 Rd7 47.
Rce3 Rd6 48. Rc3 Nd7 49. Bg4 Nb8 50. Rf3 Na6 51. Ke2 Nb4 52. Kd2 Nc6 53. Kc3
1/2-1/2

[Event "21st World Senior Chess Championship"]
[Site "Rijeka"]
[Date "2011.11.18"]
[Round "4.33"]
[White "Brinck-Claussen, Bjorn"]
[Black "Svensson, Soren"]
[Result "1-0"]
[WhiteElo "2263"]
[BlackElo "2102"]
[PlyCount "83"]
[EventDate "2011.11.18"]

1. e4 e5 2. Nf3 Nc6 3. Bb5 a6 4. Ba4 Nf6 5. O-O Nxe4 6. d4 b5 7. Bb3 d5 8. dxe5
Be6 9. Nbd2 Nc5 10. c3 Be7 11. Bc2 Bg4 12. Re1 O-O 13. Nb3 Qd7 14. Nxc5 Bxc5
15. Qd3 g6 16. Bb3 Ne7 17. Bg5 c6 18. Nd4 Rfe8 19. a4 Be6 20. Bc2 Nf5 21. Qd2
Bf8 22. Bxf5 Bxf5 23. Bh6 Bg7 24. Bxg7 Kxg7 25. Nb3 Qe7 26. Qd4 Qg5 27. f4 Qh4
28. Nc5 Be6 29. Re3 h5 30. Rf1 a5 31. Rg3 Kh7 32. Rg5 Bf5 33. axb5 cxb5 34.
Qxd5 Kg7 35. Qc6 b4 36. Qf6+ Kf8 37. e6 Ra7 38. Nd7+ Rxd7 39. exd7 Bxd7 40.
Qd6+ Re7 41. Rxa5 bxc3 42. g3 1-0

[Event "21st World Senior Chess Championship"]
[Site "Rijeka"]
[Date "2011.11.18"]
[Round "4.37"]
[White "Batakovs, Olegs"]
[Black "Altshul, Raffael"]
[Result "1/2-1/2"]
[WhiteElo "2085"]
[BlackElo "2222"]
[PlyCount "89"]
[EventDate "2011.11.18"]

1. e4 c5 2. Nf3 d6 3. d4 cxd4 4. Nxd4 Nf6 5. Nc3 g6 6. Bb5+ Bd7 7. Bxd7+ Qxd7
8. O-O Bg7 9. Bg5 O-O 10. Qd2 Rc8 11. Rad1 Nc6 12. Nxc6 Qxc6 13. Rfe1 b5 14.
Re2 Re8 15. Nd5 Nxd5 16. exd5 Qd7 17. c3 Rac8 18. h3 a5 19. a3 Bf6 20. Rde1 Qf5
21. Bxf6 Qxf6 22. Qd3 Rc5 23. Re3 Qg5 24. Rd1 Rec8 25. Rg3 Qh4 26. Re1 R8c7 27.
Rge3 Qg5 28. Rd1 Rc4 29. Rde1 R4c5 30. Rd1 Rb7 31. Re4 Rbc7 32. Re3 Rc4 33. Rg3
Qh4 34. Re3 b4 35. cxb4 axb4 36. a4 Rc1 37. Qf1 Qc4 38. Rxc1 Qxc1 39. Qxc1
Rxc1+ 40. Kh2 Ra1 41. Rxe7 Rxa4 42. Rd7 Ra2 43. Rxd6 Rxb2 44. Kg3 Rd2 45. Rb6
1/2-1/2

[Event "21st World Senior Chess Championship"]
[Site "Rijeka"]
[Date "2011.11.18"]
[Round "4.38"]
[White "Frick, Christoph"]
[Black "Strand, Oyvin"]
[Result "1-0"]
[WhiteElo "2218"]
[BlackElo "2016"]
[PlyCount "81"]
[EventDate "2011.11.18"]

1. e4 e6 2. Nc3 d5 3. g3 Nf6 4. e5 Nfd7 5. f4 c5 6. Bg2 Nc6 7. Nh3 Be7 8. O-O
O-O 9. d3 Rb8 10. Ne2 b5 11. Kh1 Bb7 12. g4 Nb6 13. Ng3 f6 14. exf6 gxf6 15.
Bd2 c4 16. Rc1 b4 17. Qe2 Qd7 18. Rfe1 e5 19. Nf5 Rbe8 20. fxe5 fxe5 21. Bh6
Rf7 22. Be3 Rff8 23. Rcd1 cxd3 24. Qxd3 d4 25. Qb3+ Kh8 26. Bh6 Rxf5 27. gxf5
Na5 28. Qg3 Bxg2+ 29. Qxg2 Rg8 30. Ng5 Bxg5 31. Bxg5 Qxf5 32. Rg1 Rg6 33. Rdf1
Qe6 34. Rf6 Qd5 35. Rxg6 Qxg2+ 36. Rxg2 hxg6 37. Bf6+ Kh7 38. Bxe5 Nc6 39. Re2
Nc4 40. Bxd4 Nxd4 41. Re4 1-0

[Event "21st World Senior Chess Championship"]
[Site "Rijeka"]
[Date "2011.11.18"]
[Round "4.40"]
[White "Fradkin, Boris"]
[Black "Vrhovnik, Damir"]
[Result "1-0"]
[WhiteElo "2445"]
[BlackElo "2099"]
[PlyCount "57"]
[EventDate "2011.11.18"]

1. Nf3 Nf6 2. c4 c5 3. g3 Nc6 4. Bg2 g6 5. O-O Bg7 6. Nc3 O-O 7. d4 cxd4 8.
Nxd4 d6 9. Nxc6 bxc6 10. Bxc6 Bh3 11. Bxa8 Qxa8 12. Nd5 e6 13. Nxf6+ Bxf6 14.
f3 Bxf1 15. Kxf1 Rc8 16. Bh6 Bxb2 17. Rb1 Be5 18. Qa4 Rb8 19. Rb5 Bd4 20. Qb3
Rxb5 21. cxb5 Qc8 22. a4 Qc5 23. Bd2 d5 24. a5 h5 25. Qb4 Kf8 26. Qxc5+ Bxc5
27. b6 axb6 28. a6 b5 29. Bb4 1-0

[Event "21st World Senior Chess Championship"]
[Site "Rijeka"]
[Date "2011.11.18"]
[Round "4.41"]
[White "Chubar, Vladimir"]
[Black "Giulian, Philip M"]
[Result "1/2-1/2"]
[WhiteElo "2083"]
[BlackElo "2294"]
[PlyCount "78"]
[EventDate "2011.11.18"]

1. d4 e6 2. Nf3 d5 3. Bg5 Be7 4. Bxe7 Qxe7 5. c4 c6 6. Qb3 Nf6 7. Nc3 O-O 8. e3
Nbd7 9. Be2 dxc4 10. Bxc4 b5 11. Be2 b4 12. Na4 c5 13. Rc1 cxd4 14. Nxd4 Bb7
15. Bf3 Bxf3 16. Nxf3 Rac8 17. O-O e5 18. h3 a5 19. Rc2 Nc5 20. Nxc5 Rxc5 21.
Rfc1 Rfc8 22. Rxc5 Rxc5 23. Rxc5 Qxc5 24. Qd3 h6 25. b3 Qc1+ 26. Kh2 Qc7 27. e4
Kh7 28. Nd2 Qc5 29. Qe3 Qc2 30. Nc4 Qxa2 31. Qf3 a4 32. Qf5+ Kg8 33. Qc8+ Kh7
34. bxa4 b3 35. Qf5+ Kg8 36. Qxe5 Qxa4 37. Qb8+ Kh7 38. Qc8 b2 39. Qf5+ Kg8
1/2-1/2

[Event "21st World Senior Chess Championship"]
[Site "Rijeka"]
[Date "2011.11.18"]
[Round "4.42"]
[White "Dragasevic, Srdja"]
[Black "Gazvoda, Franc"]
[Result "1-0"]
[WhiteElo "2256"]
[BlackElo "2093"]
[PlyCount "87"]
[EventDate "2011.11.18"]

1. d4 d5 2. Bg5 Bf5 3. e3 Nd7 4. c4 dxc4 5. Bxc4 Nb6 6. Bb3 c6 7. Nc3 Nf6 8.
Nge2 h6 9. Bh4 Nbd5 10. O-O Qd7 11. Nxd5 Nxd5 12. Nc3 Nxc3 13. bxc3 e6 14. Qe2
Be7 15. Bg3 O-O 16. e4 Bh7 17. Rfe1 Bd6 18. Qe3 Bxg3 19. Qxg3 a5 20. a3 b5 21.
Qe5 Rfd8 22. f3 Qd6 23. Qxd6 Rxd6 24. Red1 Kf8 25. Kf2 Ke7 26. Ke3 f6 27. f4
Bg8 28. e5 fxe5 29. dxe5 Rdd8 30. Rxd8 Rxd8 31. Rd1 Rb8 32. Kd4 b4 33. cxb4
axb4 34. a4 Kd7 35. Kc5+ Kc7 36. Rd6 Rb6 37. f5 Bf7 38. fxe6 Be8 39. e7 Rb8 40.
a5 Rb5+ 41. Kd4 Rb8 42. a6 Bd7 43. a7 Ra8 44. Be6 1-0

[Event "21st World Senior Chess Championship - w"]
[Site "Rijeka"]
[Date "2011.11.18"]
[Round "4.1"]
[White "Miednikova, Swietlana"]
[Black "Saunina, Ludmila"]
[Result "1/2-1/2"]
[WhiteElo "2165"]
[BlackElo "2274"]
[PlyCount "24"]
[EventDate "2011.11.18"]

1. e4 c5 2. c3 d5 3. exd5 Qxd5 4. d4 g6 5. Nf3 Bg7 6. Na3 cxd4 7. Bc4 Qe4+ 8.
Be3 Nh6 9. Bd3 Qd5 10. Bc4 Qe4 11. Bd3 Qd5 12. Bc4 Qe4 1/2-1/2

[Event "21st World Senior Chess Championship - w"]
[Site "Rijeka"]
[Date "2011.11.18"]
[Round "4.3"]
[White "Thipsay, Bagyashree Sathe"]
[Black "Bilunova, Rimma I"]
[Result "1-0"]
[WhiteElo "2152"]
[BlackElo "2151"]
[PlyCount "49"]
[EventDate "2011.11.18"]

1. e4 Nf6 2. e5 Nd5 3. d4 d6 4. Nf3 Bg4 5. Be2 e6 6. O-O Be7 7. h3 Bh5 8. c4
Nb6 9. Nc3 dxe5 10. Nxe5 Bxe2 11. Qxe2 O-O 12. Rd1 c6 13. b3 N8d7 14. Bf4 Nf6
15. Rd3 Qc8 16. Rg3 Rd8 17. Bh6 g6 18. Rd1 Nbd7 19. d5 cxd5 20. cxd5 Nb6 21.
Rc1 Qb8 22. dxe6 fxe6 23. Nxg6 hxg6 24. Qxe6+ Kh7 25. Qf7+ 1-0

[Event "21st World Senior Chess Championship - w"]
[Site "Rijeka"]
[Date "2011.11.18"]
[Round "4.4"]
[White "Fatalibekova, Elena"]
[Black "Chernova, Natalja"]
[Result "1-0"]
[WhiteElo "2285"]
[BlackElo "2095"]
[PlyCount "38"]
[EventDate "2011.11.18"]

1. Nf3 Nf6 2. d4 d5 3. c4 e6 4. Nc3 Be7 5. Bg5 Nbd7 6. e3 c6 7. Qc2 O-O 8. Rd1
h6 9. Bh4 Re8 10. a3 dxc4 11. Bxc4 Nh7 12. Bg3 Ng5 13. Ne5 Nh7 14. Nxf7 Kxf7
15. Qxh7 Nf6 16. Qc2 Qa5 17. O-O Kg8 18. Be5 Ng4 19. Qg6 Qd8 1-0

[Event "21st World Senior Chess Championship - w"]
[Site "Rijeka"]
[Date "2011.11.18"]
[Round "4.5"]
[White "Lopatin, Olga"]
[Black "Kozlovskaya, Valentina"]
[Result "0-1"]
[WhiteElo "2091"]
[BlackElo "2281"]
[PlyCount "178"]
[EventDate "2011.11.18"]

1. d4 d5 2. Nc3 Bf5 3. f3 e6 4. e4 Bg6 5. Nh3 c6 6. Nf4 Be7 7. Be3 Nd7 8. Qd2
b5 9. exd5 exd5 10. Bd3 Ngf6 11. Nce2 Nb6 12. b3 Bd6 13. O-O O-O 14. Nxg6 hxg6
15. a4 bxa4 16. bxa4 Re8 17. a5 Nbd7 18. Bf2 Nf8 19. Rfb1 Rb8 20. g3 Qc7 21. c4
dxc4 22. Bxc4 Nd5 23. Qa2 Rxb1+ 24. Qxb1 Ne6 25. Qc1 Qd7 26. Rb1 Rb8 27. Rxb8+
Bxb8 28. Bb3 Bc7 29. Ba4 Bxa5 30. Bxc6 Qd6 31. Qc4 Nec7 32. Qa4 Bb6 33. Bxd5
Qxd5 34. Kg2 Qb5 35. Qc2 g5 36. Be3 g6 37. h4 gxh4 38. gxh4 Nd5 39. Bg5 Qe8 40.
Qe4 Qe6 41. Qd3 Bc7 42. Qe4 a5 43. Bc1 Bd6 44. Ng3 a4 45. Qc2 a3 46. Ne4 a2 47.
Qa4 Nb6 48. Qa7 Be7 49. Nc3 Bxh4 50. Qxa2 Qe1 51. Qd2 Qg3+ 52. Kf1 Qxf3+ 53.
Kg1 Nc4 54. Qf4 Bf2+ 55. Kh2 Qxf4+ 56. Bxf4 Bxd4 57. Nd5 Kg7 58. Kg2 f5 59. Bg5
Kf7 60. Kf3 Be5 61. Ke2 Ke6 62. Ne7 Kf7 63. Nd5 Nd6 64. Kf3 Ne8 65. Ne3 Ke6 66.
Nc4 Bf6 67. Bf4 g5 68. Bb8 g4+ 69. Kg3 Bd4 70. Bf4 Kd5 71. Nd2 Nf6 72. Kh4 Ne4
73. Nf1 Bf2+ 74. Kh5 g3 75. Nxg3 Nxg3+ 76. Kg5 Ke4 77. Bb8 Be3+ 78. Kh4 Bf4 79.
Ba7 Kf3 80. Bb6 Ne4 81. Kh5 Bd6 82. Kg6 f4 83. Kf5 Ng3+ 84. Ke6 Bb8 85. Bc5 Ke4
86. Bb6 f3 87. Bf2 Nh1 88. Bb6 Bf4 89. Ba5 f2 0-1

[Event "21st World Senior Chess Championship - w"]
[Site "Rijeka"]
[Date "2011.11.18"]
[Round "4.6"]
[White "Fomina, Tatyana"]
[Black "Melashvili, Nino"]
[Result "0-1"]
[WhiteElo "2215"]
[BlackElo "2106"]
[PlyCount "80"]
[EventDate "2011.11.18"]

1. e4 d5 2. exd5 Nf6 3. Nc3 Nxd5 4. Bc4 Be6 5. Bb3 Nc6 6. Nf3 Nxc3 7. bxc3 Bxb3
8. axb3 e5 9. Qe2 Bd6 10. d4 O-O 11. O-O Re8 12. Qb5 e4 13. Ng5 h6 14. Nh3 Rb8
15. Be3 Qh4 16. c4 a6 17. Qa4 b5 18. Qa2 Nb4 19. Qb1 bxc4 20. bxc4 c5 21. Qd1
cxd4 22. Bxd4 Red8 23. c3 Be5 24. Rb1 Nc6 25. Rxb8 Bxb8 26. Qd2 Ba7 27. Qa2
Nxd4 28. cxd4 Bxd4 29. Qxa6 g5 30. Qa3 Re8 31. Qa4 Re6 32. Qd7 Be5 33. Qd8+ Kg7
34. Rb1 Qh5 35. Qd2 Rd6 36. Qe1 g4 37. Qe2 Qf5 38. Re1 gxh3 39. gxh3 Rg6+ 40.
Kh1 Qxh3 0-1

[Event "21st World Senior Chess Championship - w"]
[Site "Rijeka"]
[Date "2011.11.18"]
[Round "4.7"]
[White "Khmiadashvili, Tamar"]
[Black "Kuznetsova, Luba"]
[Result "1-0"]
[WhiteElo "2166"]
[BlackElo "2087"]
[PlyCount "65"]
[EventDate "2011.11.18"]

1. Nf3 d5 2. b3 Nf6 3. Bb2 e6 4. e3 Bd6 5. Ne5 Nbd7 6. f4 c6 7. Qf3 Bxe5 8.
fxe5 Ng8 9. Qg3 g6 10. Bd3 Nc5 11. O-O Nxd3 12. cxd3 h6 13. Qf4 Rh7 14. a4 b6
15. a5 Bd7 16. Ba3 g5 17. Qf2 c5 18. Nc3 Rc8 19. d4 cxd4 20. exd4 h5 21. axb6
axb6 22. Bd6 Ne7 23. Bxe7 Qxe7 24. Ra7 Qb4 25. h4 gxh4 26. Qxh4 Rb8 27. Kh2 b5
28. Qg5 Qf8 29. Rf6 Qh8 30. Qf4 Ke7 31. Nxd5+ exd5 32. Rd6 Rd8 33. Qf5 1-0

[Event "21st World Senior Chess Championship - w"]
[Site "Rijeka"]
[Date "2011.11.18"]
[Round "4.8"]
[White "Bogumil, Tatiana"]
[Black "Dotan, Valeria"]
[Result "1/2-1/2"]
[WhiteElo "2115"]
[BlackElo "2083"]
[PlyCount "42"]
[EventDate "2011.11.18"]

1. Nf3 Nf6 2. c4 e6 3. b3 b6 4. g3 Bb7 5. Bg2 Be7 6. Bb2 O-O 7. O-O c5 8. Nc3
d6 9. d4 cxd4 10. Qxd4 Qc8 11. Ba3 Rd8 12. e4 Na6 13. Rad1 Nc5 14. Bxc5 bxc5
15. Qe3 Bc6 16. Ne1 Qb7 17. Rb1 Rac8 18. h3 d5 19. exd5 exd5 20. cxd5 Nxd5 21.
Nxd5 Bxd5 1/2-1/2

[Event "21st World Senior Chess Championship - w"]
[Site "Rijeka"]
[Date "2011.11.18"]
[Round "4.9"]
[White "Titorenko, Natalia I"]
[Black "Abdikasova, Panu"]
[Result "1-0"]
[WhiteElo "2143"]
[BlackElo "1978"]
[PlyCount "81"]
[EventDate "2011.11.18"]

1. e4 c5 2. Nc3 Nc6 3. g3 d6 4. Bg2 Bd7 5. Nge2 Nf6 6. O-O e6 7. d4 cxd4 8.
Nxd4 a6 9. Be3 Be7 10. Nb3 O-O 11. Na4 Be8 12. Nb6 Rb8 13. a4 a5 14. h3 Nd7 15.
Nc4 Qc7 16. Qd2 b5 17. axb5 Rxb5 18. Ncxa5 Nde5 19. f4 Nxa5 20. Nxa5 Rxa5 21.
Qxa5 Qxa5 22. Rxa5 Nc4 23. Ra7 Nxe3 24. Rxe7 Nxf1 25. Bxf1 Bc6 26. Bd3 Rb8 27.
Rc7 Be8 28. b3 Kf8 29. Kf2 h6 30. Ke3 Rb4 31. Bc4 Rb8 32. Kd4 Ra8 33. f5 exf5
34. exf5 Ra5 35. Bd3 Re5 36. b4 h5 37. c4 Re1 38. b5 Rg1 39. b6 Rg2 40. b7 Rb2
41. Be4 1-0

[Event "21st World Senior Chess Championship - w"]
[Site "Rijeka"]
[Date "2011.11.18"]
[Round "4.10"]
[White "Kabanova, Irina"]
[Black "Sorokina, Tamara"]
[Result "1-0"]
[WhiteElo "1959"]
[BlackElo "2131"]
[PlyCount "96"]
[EventDate "2011.11.18"]

1. e4 c5 2. Nf3 a6 3. c3 d5 4. exd5 Qxd5 5. d4 e6 6. Be2 Nf6 7. h3 Nc6 8. O-O
cxd4 9. cxd4 Be7 10. Nc3 Qa5 11. Bd2 Qc7 12. Rc1 O-O 13. Be3 Bd7 14. Bd3 Rfe8
15. Ng5 h6 16. Nf3 Bf8 17. Qd2 Qa5 18. a3 e5 19. dxe5 Nxe5 20. Nxe5 Qxe5 21.
Bd4 Qd6 22. Be3 Bc6 23. Rfd1 Qe6 24. Re1 Qd7 25. Rcd1 b5 26. b4 Qb7 27. Bf1
Rad8 28. Qc1 Rc8 29. Qb2 Ne4 30. Bd4 Ng5 31. f3 Rxe1 32. Rxe1 Bxf3 33. h4 Ne6
34. Rxe6 fxe6 35. gxf3 Qxf3 36. Bg2 Qg4 37. Bf2 Rc4 38. Qd2 Be7 39. Qe3 Bf6 40.
Ne2 e5 41. Kh2 Qd7 42. Be4 Rc7 43. Qf3 Qd2 44. Be3 Qe1 45. Bf2 Qd1 46. Bd5+ Kh8
47. Be4 Qd7 48. Be3 Bxh4 1-0

[Event "21st World Senior Chess Championship"]
[Site "Opatija"]
[Date "2011.11.19"]
[Round "5.1"]
[White "Komljenovic, Davorin"]
[Black "Rashkovsky, Nukhim N"]
[Result "1/2-1/2"]
[WhiteElo "2451"]
[BlackElo "2517"]
[PlyCount "90"]
[EventDate "2011.11.19"]

1. d4 d6 2. Nf3 g6 3. c4 Bg7 4. e4 Nd7 5. Be2 e5 6. Nc3 exd4 7. Nxd4 Ne7 8. Be3
Nc6 9. Qd2 O-O 10. h4 Re8 11. h5 Nc5 12. hxg6 hxg6 13. f3 Ne6 14. Nc2 a5 15.
O-O-O Nb4 16. Nd4 Qf6 17. g4 Nxd4 18. Bxd4 Qxd4 19. Qxd4 Bxd4 20. Rxd4 Kg7 21.
Rdd1 Be6 22. g5 Rh8 23. a3 Na6 24. Nb5 Rxh1 25. Rxh1 Bd7 26. Kd2 Bxb5 27. cxb5
Nc5 28. Bc4 a4 29. Ke3 Re8 30. Bd5 c6 31. bxc6 bxc6 32. Bxc6 Rb8 33. Bd5 Rxb2
34. Rc1 f6 35. gxf6+ Kxf6 36. f4 Rh2 37. e5+ Ke7 38. Rg1 Rh3+ 39. Kd4 Nb3+ 40.
Kc4 dxe5 41. fxe5 Rh4+ 42. Kc3 Rh3+ 43. Kb4 Rh4+ 44. Kc3 Rh3+ 45. Kb4 Rh4+
1/2-1/2

[Event "21st World Senior Chess Championship"]
[Site "Opatija"]
[Date "2011.11.19"]
[Round "5.2"]
[White "Vaisser, Anatoly"]
[Black "Kuyindzhi, Alexander A"]
[Result "1-0"]
[WhiteElo "2555"]
[BlackElo "2435"]
[PlyCount "83"]
[EventDate "2011.11.19"]

1. d4 Nf6 2. c4 e6 3. Nc3 Bb4 4. e3 O-O 5. Nf3 d5 6. Be2 c5 7. O-O Nc6 8. cxd5
exd5 9. dxc5 Bxc5 10. b3 Re8 11. Bb2 Bg4 12. h3 Be6 13. Rc1 Qe7 14. Na4 Ba3 15.
Bxa3 Qxa3 16. Bb5 Rec8 17. Bxc6 bxc6 18. Nc5 Ne4 19. Qc2 Bf5 20. Nd4 Bg6 21.
Nxe4 dxe4 22. Qc5 Qxa2 23. Ra1 Qb2 24. Qa5 c5 25. Ra2 Qxa2 26. Qxa2 cxd4 27.
exd4 Rc3 28. f3 Bf5 29. Qa5 Rac8 30. b4 Rb3 31. Qd5 Be6 32. Qd6 h6 33. Rf2 Rd3
34. Re2 Rc1+ 35. Kh2 Rcd1 36. Qb8+ Kh7 37. Qxa7 Rxd4 38. Rb2 h5 39. b5 h4 40.
b6 Rc1 41. b7 Rdd1 42. g4 1-0

[Event "21st World Senior Chess Championship"]
[Site "Opatija"]
[Date "2011.11.19"]
[Round "5.3"]
[White "Kurajica, Bojan"]
[Black "Rukavina, Josip"]
[Result "0-1"]
[WhiteElo "2532"]
[BlackElo "2421"]
[PlyCount "90"]
[EventDate "2011.11.19"]

1. d4 d6 2. Nf3 Bg4 3. c4 Nd7 4. Qb3 Rb8 5. h3 Bxf3 6. Qxf3 g6 7. Nc3 Bg7 8. e3
c5 9. g4 Ngf6 10. Qd1 h6 11. Bg2 a6 12. a4 O-O 13. h4 e6 14. Rb1 Qe7 15. b3
Rfd8 16. Kf1 Ne8 17. Ba3 Nc7 18. Qd3 b6 19. Rd1 Nf6 20. Qe2 Qe8 21. g5 hxg5 22.
hxg5 Nh7 23. Qg4 d5 24. Qh4 Nf8 25. cxd5 exd5 26. Qh2 Qe7 27. a5 Nfe6 28. Na4
Nb5 29. Bb2 cxd4 30. Nxb6 Qb4 31. Rd3 Qxa5 32. Nxd5 Qa2 33. Rd2 Qa5 34. b4 Qa4
35. Be4 Nxg5 36. Ne7+ Kf8 37. Qf4 Kxe7 38. Qxg5+ Kf8 39. Qc5+ Kg8 40. Bxg6 fxg6
41. Qc4+ Kf8 42. Rh3 Bf6 43. Rg3 Nd6 44. Qe6 Qb5+ 45. Kg2 Qf5 0-1

[Event "21st World Senior Chess Championship"]
[Site "Opatija"]
[Date "2011.11.19"]
[Round "5.4"]
[White "Zhelnin, Vladimir V"]
[Black "Kovacevic, Vlatko"]
[Result "1/2-1/2"]
[WhiteElo "2430"]
[BlackElo "2482"]
[PlyCount "99"]
[EventDate "2011.11.19"]

1. e4 e6 2. d4 d5 3. Nc3 Nf6 4. Bg5 Be7 5. e5 Nfd7 6. Bxe7 Qxe7 7. f4 O-O 8.
Nf3 c5 9. dxc5 Nc6 10. Bd3 f6 11. exf6 Qxf6 12. g3 Nxc5 13. Qd2 Bd7 14. O-O-O
Rac8 15. Kb1 Be8 16. Rde1 Nxd3 17. cxd3 Bg6 18. Ne5 Qf5 19. Nxg6 Qxg6 20. Rd1
a6 21. Rhe1 Rfd8 22. Ne2 Qf5 23. Qe3 e5 24. fxe5 d4 25. Qf4 Qe6 26. Qd2 Qxe5
27. Nf4 Qf5 28. Qe2 Rd6 29. h4 h6 30. Rc1 Rf8 31. h5 Qf7 32. a3 Rf6 33. Qe4 Qd7
34. Ng6 Rd8 35. Rc2 Qh3 36. g4 Qf3 37. Rce2 Qxe4 38. Rxe4 Kf7 39. R1e2 Rf3 40.
Kc2 Rc8 41. Kd2 Kf6 42. Ne7 Nxe7 43. Rxe7 Rg3 44. R7e6+ Kf7 45. R6e4 Rd8 46.
Rf2+ Kg8 47. b4 b5 48. Ke2 Rg1 49. Rff4 Rg2+ 50. Rf2 1/2-1/2

[Event "21st World Senior Chess Championship"]
[Site "Opatija"]
[Date "2011.11.19"]
[Round "5.6"]
[White "Chernikov, Oleg L"]
[Black "Jansa, Vlastimil"]
[Result "0-1"]
[WhiteElo "2402"]
[BlackElo "2478"]
[PlyCount "64"]
[EventDate "2011.11.19"]

1. d4 Nf6 2. c4 g6 3. Nc3 d5 4. Nf3 Bg7 5. e3 O-O 6. Bd2 c5 7. dxc5 Na6 8. cxd5
Nxc5 9. Bc4 a6 10. a4 Bf5 11. O-O Rc8 12. Qe2 Nfe4 13. Nd4 Nxd2 14. Qxd2 Ne4
15. Nxe4 Bxe4 16. Qb4 Bf6 17. Qb3 Rc5 18. Rac1 Qd7 19. Qb4 Rfc8 20. Nb3 Bxg2
21. f3 Rxc4 22. Rxc4 Rxc4 23. Qxc4 Bxf1 24. Kxf1 Qh3+ 25. Ke2 Qg2+ 26. Kd1
Qxf3+ 27. Kd2 Qg2+ 28. Kd1 Qg1+ 29. Kc2 Qxh2+ 30. Kd3 Qxb2 31. Qc8+ Kg7 32.
Qxb7 h5 0-1